Manual de trasplante renal

Shranjeno v:
Bibliografske podrobnosti
Korporativna značnica: Ovid Technologies, Inc
Drugi avtorji: Danovitch, Gabriel M.
Format: Elektronski eKnjiga
Jezik:španščina
Izdano: Philadelphia : Wolters Kluwer, 2018.
Izdaja:6. ed.
Teme:
Online dostop:Authentication may be required:
Oznake: Označite
Brez oznak, prvi označite!

MARC

LEADER 00000nam a2200000 a 4500
001 E000000260
003 UtOrBLW
005 20200317145934.0
006 m d
007 cr
008 200317s2018 pauad sf 001 0 spa d
020 |a 9788417033323 
035 |a (UtOrBLW)bslw09850299 
040 |a UtOrBLW 
050 4 |a RD575  |b .M36 2018 
060 4 |a WJ 368  |b M2941 2018 
245 0 0 |a Manual de trasplante renal  |h [electronic resource] /  |c editado por, Gabriel M. Danovitch, M.D., medical director, Kidney and Pancreas Transplant Program, Ronald Reagan Medical Center at UCLA, John J. Kuiper Chair of Nephrology and Renal Transplantation, distinguished professor of medicine, David Geffen School of Medicine at UCLA, Los Angeles, California. 
250 |a 6. ed. 
260 |a Philadelphia :  |b Wolters Kluwer,  |c 2018. 
300 |a 624 p. :  |b col. ill., charts ;  |c cm 
500 |a Includes index. 
533 |a Electronic reproduction.  |b New York, N.Y. :  |c Ovid Technologies, Inc.  |n Available via World Wide Web. 
650 1 2 |a Kidney Transplantation 
655 2 |a Handbooks 
650 0 |a Kidneys  |x Transplantation  |v Handbooks, manuals, etc. 
700 1 |a Danovitch, Gabriel M. 
710 2 |a Ovid Technologies, Inc. 
856 4 0 |a E-Books (Ovid)  |z Authentication may be required:  |u http://ovides.unach.elogim.com/Pages/book.aspx?isbn=9788417033323&XPATH=/PG(0)